Sports Quiz

Random Sports or Basketball Quiz

2019 March Madness Nicknames Quiz Stats

 Plays Quiz Updated Mar 21, 2019

Support Sporcle.
Go Orange.
Score 0/68 Timer 08:00
0 Plays Today
College Nickname % Correct
DukeBlue Devils
88.9%
FloridaGators
88%
OregonDucks
87.4%
SyracuseOrange
86.9%
Ohio St.Buckeyes
86.7%
Michigan St.Spartans
86.6%
North CarolinaTar Heels
86.5%
MichiganWolverines
86.3%
KansasJayhawks
86.1%
OklahomaSooners
85.9%
LSUTigers
85.9%
KentuckyWildcats
85.8%
WisconsinBadgers
85.6%
LouisvilleCardinals
84.9%
Florida St.Seminoles
84.8%
TennesseeVolunteers
84.3%
PurdueBoilermakers
83.9%
AuburnTigers
82.5%
BaylorBears
82.1%
IowaHawkeyes
81.2%
VirginiaCavaliers
80.2%
GonzagaBulldogs
79.3%
CincinnatiBearcats
78.5%
MarylandTerrapins
78.4%
Arizona St.Sun Devils
78.1%
MinnesotaGolden Gophers
76.7%
WashingtonHuskies
76.6%
VillanovaWildcats
76.4%
Kansas St.Wildcats
74.9%
Virginia TechHokies
74.6%
TempleOwls
73.8%
Iowa St.Cyclones
73.8%
Texas TechRed Raiders
73.4%
Ole MissRebels
71.6%
College Nickname % Correct
YaleBulldogs
69%
Seton HallPirates
66.3%
HoustonCougars
65%
Mississippi St.Bulldogs
64.6%
UCFKnights
63.5%
NevadaWolf Pack
63%
BuffaloBulls
55.7%
New Mexico St.Aggies
55.3%
MarquetteGolden Eagles
53.9%
St. John'sRed Storm
51.2%
North Dakota St.Bison
50.2%
Murray St.Racers
48.4%
Utah St.Aggies
47.2%
VCURams
46.7%
VermontCatamounts
45.1%
Saint LouisBillikens
44.3%
UC IrvineAnteaters
43.6%
MontanaGrizzlies
43.3%
Saint Mary'sGaels
43.2%
WoffordTerriers
41.3%
IonaGaels
41%
LibertyFlames
36.7%
BelmontBruins
31%
Old DominionMonarchs
30.9%
BradleyBraves
30.9%
Georgia St.Panthers
30.6%
Gardner-WebbRunnin' Bulldogs
29.7%
NortheasternHuskies
28%
Northern KentuckyNorse
26.7%
Abilene ChristianWildcats
21%
NC CentralEagles
19.5%
Fairleigh DickinsonKnights
18.4%
Prairie View A&MPanthers
17.7%
ColgateRaiders
16.6%

You're not logged in!

Compare scores with friends on all Sporcle quizzes.
OR
Log In

From the Vault

Movies of 2018

by El_Dandy

This movie quiz will rock you.
Remove Ads.
Support Sporcle.
Get the best of Sporcle when you Go Orange. This ad-free experience offers more features, more stats, and more fun while also helping to support Sporcle. Thank you for becoming a member.

Show Comments

Extras

Top Quizzes Today


Score Distribution

Your Account Isn't Verified!

In order to create a playlist on Sporcle, you need to verify the email address you used during registration. Go to your Sporcle Settings to finish the process.

Report this User

Report this user for behavior that violates our Community Guidelines.

Details: